00400nam a2200133Ia 4500020001800000082001500018245007900033260004000112300001200152504001900164650003400183700002200217700002700239 a9780754673644 a305.4 VIO- 0aViolence and gender in the globalized world: the intimate and the extimate aHampshirebAshgate Publishingc2008 axv, 226 aincludes index aWomenvCross-cultural studies aRajan, V.G. Julie aBahun-Radunovic, Sanja